Elam und seine Nachbarn : 10. Internationales Colloquium der Deutschen Orient-Gesellschaft, 8.-10. April 2019, Mainz /

محفوظ في:

مؤلف مشترك: Deutsche Orient-Gesellschaft. Internationales Colloquium (10th : 2019 : Mainz, Germany) (مؤلف)

مؤلفون آخرون: Prechel, Doris (المحرر), Pruss, Alexander (المحرر)

التنسيق: كتاب

اللغة: English

منشور في: Wiesbaden : Harrassowitz Verlag, 2025.

سلاسل: Colloquien der Deutschen Orient-Gesellschaft ; 10.
CDOG ; 10.

الموضوعات:

الوسوم: إضافة وسم

لا توجد وسوم, كن أول من يضع وسما على هذه التسجيلة!

رقم الطلب: DS41 .D53 v.10

LEADER 01448nam a22003377a 4500
003 OSt
005 20250814112138.0
008 250810t20252025gw ae b 100 0 eng d
020 |a 9783447120005   |q paperback  
035 |a (OCoLC)1512414583  
040 |c ARCE Library 
050 4 |a DS41 .D53 v.10 
110 2 |a Deutsche Orient-Gesellschaft.   |b Internationales Colloquium (10th : 2019 : Mainz, Germany),   |e author  
245 1 0 |a Elam und seine Nachbarn :   |b 10. Internationales Colloquium der Deutschen Orient-Gesellschaft, 8.-10. April 2019, Mainz /   |c im Auftrag des Vorstands der Deutschen Orient-Gesellschaft herausgegeben von Doris Prechtel und Alexander Pruss. 
264 1 |a Wiesbaden :   |b Harrassowitz Verlag,   |c 2025.  
264 4 |c ©2025. 
300 |a xii, 165 pages :   |b illustrations (chiefly color), plans ;   |c 24 cm.  
490 0 |a Colloquien der Deutschen Orient-Gesellschaft ;   |v 10. 
490 0 |a CDOG ;   |v 10. 
500 |a Conference proceedings.  
504 |a Includes bibliographical references.  
546 |a English, French and German contributions.  
651 0 |a Elam   |x History   |v Congresses. 
651 0 |a Middle East   |z Elam. 
655 |a Conference papers and proceedings 
655 |a History  
700 1 |a Prechel, Doris,   |e editor  |q https://id.oclc.org/worldcat/entity/E39PBJtX6Rbbgr3vjChqBvTT73  
700 1 |a Pruss, Alexander,   |e editor 
901 |a reviewed 
942 |2 lcc  |c BK 
999 |c 61024  |d 61024